Karl Marx

Titel: Karl Marx : Der sozialistische Messias? / Jerzy W. Borejsza, Maciej Górny und Wolfgang Wippermann
Verfasser: ; ;
Beteiligt:
In: Deutsch-polnische Erinnerungsorte ; 2. Geteilt, gemeinsam, (2014), Seite 515-538
alle Artikel anzeigen
Veröffentlicht: 2014
Umfang: 1 Illustration
Format: Aufsatz
Sprache: Deutsch
Schlagworte:
Kein Bild verfügbar
X
alg: 41768641
001A    $03025:11-10-17 
001B    $01999:11-10-17 $t22:45:10.000 
001C    $03025:11-10-17 $t09:36:54.000 
001D    $03025:11-10-17 
001U    $0utf8 
001X    $00 
002@    $0Aou 
002C    $aText $btxt $2rdacontent 
002D    $aohne Hilfsmittel zu benutzen $bn $2rdamedia 
002E    $aBand $bnc $2rdacarrier 
003@    $0417686412 
007A    $0417686412 $aHEB 
010@    $ager 
010E    $erda 
011@    $a2014 
021A    $aKarl Marx $dDer sozialistische Messias? $hJerzy W. Borejsza, Maciej Górny und Wolfgang Wippermann 
028A    $BVerfasser $#Borejsza, Jerzy Wojciech $#Borejsza, Jerzy $#Borejsza, J. W. $#Borejsza, J. $4aut $7120955091 $8Borejsza, Jerzy W.$Z1935-2019 [Tp1] $9152444203 
028C    $BVerfasser $#Górny, M. $#Gurnyj, Macej $#Gurnyj, M. $4aut $7124276962 $8Górny, Maciej$Z1976- [Tp1] $9154994979 
028C    $BVerfasser $#Wippermann, Wolfgang $#Vipperman, Volf'gang $#Wippermann, W. $#Vipperman, Wolfgang $#Vipperman, V. $#Vipperman, W. $#Vippāman, Vorufugangu $#Vippermann, Volfgang $#Bol peu gang Bi peo man $#Bi peo man, Bol peu gang $#Випперманн, Волфганг $#ヴォルフガング・ヴィッパーマン $#비퍼만, 볼프강 $#볼프강 비퍼만 $4aut $7115477454 $8Wippermann, Wolfgang$Z1945-2021 [Tp1] $9149676913 
028C    $BÜbersetzer $4trl $7 $8Ewers, Sandra [Tnu] $9325401438 
031A    $h515-538 $j2014 
034M    $a1 Illustration 
039B    $aEnthalten in $8--Afu--. Deutsch-polnische Erinnerungsorte ; 2. Geteilt, gemeinsam. - Paderborn {[u.a.] : Schöningh, 2014. - 732 S.. - Ill.. - ISBN 978-3-506-77339-5 $x201400000000000485 $9299792242 
044K    $#Marx, Karl $#Marx, Karl $#מרקס, קרל $#マルクス, カール $#卡尔‧马克思 $#卡爾‧馬克思 $#מארקס, קארל $#맑스 $#ماركس $#Маркс, Карл $#Καρλ Μαρξ $#ماركس, كارل $#مارکس, کارل $#Marx, Karl H. $#Marx, Karel $#Marx, K. $#Marx $#Ma, Kesi $#Mảc, Cảc $#Mac, Cac $#Mảc, C. $#Makesi $#Marḳs $#Marḳs, Ḳarl $#Marks $#Malg-seu $#Malg $#Marqs, Qarl $#Malg-seu, Kal $#Maksŭ, K'al $#Ma-k'o-ssu $#Ma-ko-szū $#Maksŭ $#Mác, Các $#Các Mác $#Markhsi, Karl $#Marks, Karolo $#Mārks, Kārl $#Mārks, Kāṟal $#Mārksa, Kārla $#Marksas, Karolis $#Marksi, Karl $#Marŭk'ŭsŭ, K'al $#Marukusu $#Mārkacha, Kārla $#Markss, Kārlis $#Markss, K. $#Ka er Ma ke si $#Kaer-Makesi $#Makesi, Kaer $#Marukusu, Kāru $#Marx, Carlos $#Marks, K. $#Marḳs, Ḳarl $#Marksas, K. $#Marx $#MŚarks, KŚarl $#Marx, Heinrich Karl $#Marks, Karol $#Marx, Károly $#Marx, Carl $#Marx, Carlo $#Marks, Karl $#Marksa, Karla $#Mārakasa, Kārala $#Marx, Carolus Henricus $#Ma leu keu seu, Ka leul $#Maleukeuseu, Kaleul $#Maarkis, Kaaral $#Ka leul Ma leu keu seu $#Marx, Karl Heinrich $#Malg seu $#Marx, K. $#מארכס, קארל $#מארקאס, קרל $#מארקס, קרל $#מארקס, קארל $#מרכס, קרל $#מארכס, קארל $#马克思, 卡尔 $#馬克思 $#马克思 $#맑스, 칼 $#카를 마르크스 $#마르크스 카를 $7118578537 $8Marx, Karl$Z1818-1883 [Tp1] $9086919547 
044K    $RAlternativgeschichte $RGeschichtsprophetie $#Utopias $#Utopies $#Utopia $#Utopie $#Utopie $#Politische Utopie $#Utopismus $#Sozialutopie $#Staatsutopie $#Idealstaat $#Utopien $74041251-9 $8Utopie [Ts1] $9085112887 
044K    $RGesellschaftsordnung $RKommunismus $RSozialistische Bewegung $RSozialist $#Socialism $#Socialisme $#socialism $#Sozialismus $#Sozialismus $#Sozialistisches Gesellschaftssystem $74055785-6 $8Sozialismus [Ts1] $9085155357 
044K    $RAuswirkung $RFortleben $#Influence (Literary, artistic, etc.) $#Influence littéraire, artistique, etc. $#Fortwirken $#Nachwirkung Rezeption $#Nachleben $#Wirkungsgeschichte $#Aneignung Rezeption $74049716-1 $8Rezeption [Tsz] $9085138584 
044K    $RPolitische Identität $RGeschichtsbild $RGeschichtsdenken $#Conscience historique $#Geschichtsbewusstsein $#Historisches Bewusstsein $#Geschichtsverständnis Geschichtsbewusstsein $#Geschichtskultur $74020526-5 $8Geschichtsbewusstsein [Ts1] $9085049387 
045R    $aGeschichte 1844-2010 

lok: 41768641 78

exp: 41768641 78 1 #EPN
201B/01 $011-10-17 $t09:35:53.000 
201C/01 $011-10-17 
201U/01 $0utf8 
203@/01 $01008340308 
208@/01 $a11-10-17 $be 
209A/01 $a/ $f000 $x00 
209A/01 $ab*p $x01 
220C/01 $apgar 
244Z/01 $#Generalgouvernement Polen $#Polska $#Rzeczpospolita Polska $#Polska Rzeczpospolita Ludowa $#Poland $#Pologne $#République Polonaise $#Generalne Gubernatorstwo w Polsce $#Polish People's Republic $#Polska Rzeczpospolita Polen $#PRL $#RP $#Polen Generalgouvernement $#Polska Generalgouvernement $#Besetzte Polnische Gebiete $#Besetztes Gebiet in Polen $#Okupowane Polskie Obszary $#Obszary Okupowane w Polsce $#Volksrepublik Polen $#Polska Rosyjska $#Republic Polen $#Respublika Pol'ša $#Pol'skaja Narodnaja Respublika $#République de Pologne $#Polen Links der Weichsel $#Polska po Lewej Stronie Wisły $#Lenkija $#Polija $#Gubernija Carstva Pol'skago $#Republik Polen $74046496-9 $8--Tg1--Polen $x01 $9085129801 
247C/01 $82080>Marburg/Lahn, Herder-Institut, Forschungsbibliothek, Bibliographieportal $9336309341
LEADER 00000caa a2200000 c 4500
001 417686412
003 DE-603
005 20171011224510.0
007 tu
008 171011s2014 xx |||| | u00||u|ger c
035 |a (DE-599)HEB417686412 
040 |a DE-603  |b ger  |c DE-603  |d DE-603  |e rda 
041 |a ger 
100 1 |a Borejsza, Jerzy W.  |d 1935-2019  |e Verfasser  |4 aut  |0 (DE-603)152444203  |0 (DE-588)120955091  |2 gnd 
245 0 0 |a Karl Marx  |b Der sozialistische Messias?  |c Jerzy W. Borejsza, Maciej Górny und Wolfgang Wippermann 
264 0 |c 2014 
300 |b 1 Illustration 
336 |a Text  |b txt  |2 rdacontent 
337 |a ohne Hilfsmittel zu benutzen  |b n  |2 rdamedia 
338 |a Band  |b nc  |2 rdacarrier 
600 1 7 |a Marx, Karl  |d 1818-1883  |0 (DE-588)118578537  |0 (DE-603)086919547  |2 gnd 
648 7 |a Geschichte 1844-2010  |2 gnd 
650 7 |a Utopie  |0 (DE-588)4041251-9  |0 (DE-603)085112887  |2 gnd 
650 7 |a Sozialismus  |0 (DE-588)4055785-6  |0 (DE-603)085155357  |2 gnd 
650 7 |a Rezeption  |0 (DE-588)4049716-1  |0 (DE-603)085138584  |2 gnd 
650 7 |a Geschichtsbewusstsein  |0 (DE-588)4020526-5  |0 (DE-603)085049387  |2 gnd 
700 1 |a Górny, Maciej  |d 1976-  |e Verfasser  |4 aut  |0 (DE-603)154994979  |0 (DE-588)124276962  |2 gnd 
700 1 |a Wippermann, Wolfgang  |d 1945-2021  |e Verfasser  |4 aut  |0 (DE-603)149676913  |0 (DE-588)115477454  |2 gnd 
700 1 |a Ewers, Sandra  |e Übersetzer  |4 trl  |0 (DE-603)325401438 
773 0 8 |i Enthalten in  |t Deutsch-polnische Erinnerungsorte ; 2. Geteilt, gemeinsam  |d Paderborn ˜[u.a.] œ: Schöningh, 2014  |h 732 S., Ill.  |z 9783506773395  |g (2014), Seite 515-538  |w (DE-603)299792242 
924 0 |9 2080  |a (DE-603)1008340308  |b DE-2080  |c HES  |d d  |g /